Loreto College Library, Kolkata
WEBOPAC (ONLINE PUBLIC ACCESS CATALOGUE)

A reader's guide to Charles Dickens (Record no. 5324)

MARC details
000 -LEADER
fixed length control field 00513nam a2200193Ia 4500
005 - DATE AND TIME OF LATEST TRANSACTION
control field 20230428141048.0
008 - FIXED-LENGTH DATA ELEMENTS--GENERAL INFORMATION
fixed length control field 131103s9999 xx 000 0 und d
020 ## - ISBN | অাই এস বি এন
ISBN | অাই এস বি এন 500150125
040 ## - CATALOGING SOURCE
Original cataloging agency Loreto College
041 ## - LANGUAGE CODE
Language code English
082 ## - DDC | ডিউই
Classification number | বর্গসংখ্যা 823.8
Book Number | গ্রন্থাঙ্ক DIC-HOB
100 ## - MAIN ENTRY--PERSONAL NAME | মুখ্য সংলেখ - ব্যাক্তিনাম
Personal name | ব্যাক্তিনাম Hobsbaum,Philip
245 #2 - TITLE STATEMENT | অাখ্যা বিবরণী
Title | অাখ্যা A reader's guide to Charles Dickens
Statement of responsibility | লেখকের দায়িত্বের বিবরণ Philip Hobsbaum
260 ## - IMPRINT | প্রকাশনা ক্ষেত্র
Place of publication | প্রকাশ স্থান London
Name of publisher | প্রকাশকের নাম Thames
Date of publication | প্রকাশ কাল 1977
300 ## - PHYSICAL DESCRIPTION |
Page / Vol. No | পৃষ্ঠা / খন্ড সংখ্যা 318 p.
504 ## - BIBLIOGRAPHY, ETC. NOTE
Bibliography, etc Includes bibliographical references and index
850 ## - HOLDING INSTITUTION
Holding institution LCLIB
942 ## - ADDED ENTRY ELEMENTS (KOHA)
Koha item type Books
Holdings
Withdrawn status Lost status Source of classification Damaged status Not for loan Home library Current library Date acquired Total Checkouts Full call number Accession No. Date last seen Date checked out Price effective from Koha item type Coded location qualifier
    Dewey Decimal Classification     Loreto College Loreto College 04/11/2013 1 823.8 DIC-HOB 26788 B5191 17/12/2014 10/12/2014 04/11/2013 Books